| 000 | 00422nam a2200169Ia 4500 | ||
|---|---|---|---|
| 008 | 180424s9999 xx 000 0 und d | ||
| 084 | _a339 A1 | ||
| 100 | _a"Attiyeh, Richard" | ||
| 245 | 0 | _aMacroeconomics: a Programmed Book | |
| 250 | _a\\197403ENGGPSX | ||
| 260 | _aPrentice Hall | ||
| 260 | _b1974 | ||
| 260 | _cEnglewood Cliffs | ||
| 300 | _avi+233p | ||
| 500 | _aincludes index and biblioraphy | ||
| 942 | _cBK | ||
| 999 |
_c34954 _d34954 |
||